| 000 | 00475nam a22001697a 4500 | ||
|---|---|---|---|
| 003 | BD-DhUL | ||
| 005 | 20190710103211.0 | ||
| 008 | 190710s1934 ii ||||| |||| 00| 0 urd d | ||
| 040 |
_aBD-DhUL _cBD-DhUL |
||
| 082 |
_a891.431 _bILB |
||
| 100 | 0 | _aالیاس احمد | |
| 245 | 1 | 0 |
_aبہار / _cالیاس احمد |
| 260 |
_aاعظم گڑھ : _bدارالمصنفین، _c۱۹۳۴۔ |
||
| 300 |
_aص۔ ۲۳۶ ؛ _c۱۸ سم۔ |
||
| 650 | 4 | _aUrdu poetry | |
| 942 |
_2ddc _cBK |
||
| 999 |
_c248694 _d248694 |
||